01950cam a22001937i 4500020002600000020003000026040000800056082002600064245005000090300004300140520130400183650002601487650003301513700001601546700002001562942001001582999001701592952014701609 a9780773552746 (cloth) a9780773552753 (paperback) cYDX04a813 YAT 2001 C165 Or.00aL.M. Montgomery and the matter of nature(s) / ax, 292 pages :billustrations ;c23 cm a"L.M. Montgomery's writings are replete with enchanting, yet subtle and fluid depictions of nature that convey her intense appreciation for the natural world. At a time of ecological crises, intensifying environmental anxiety, and burgeoning eco-critical perspectives, L.M. Montgomery and the Matter of Nature(s) repositions the Canadian author's relationship to nature in terms of current environmental criticism across several disciplines, introducing a fresh approach to her life and work. Drawing on a wide range of Montgomery's novels as well as her journals, this collection suggests that socio-ecological relationships encompass ideas of reciprocity, affiliation, autonomy, and the capacity for transformation in both the human and more-than-human worlds, and that these ideas are integral to Montgomery's vision and her literary legacy. Framed by the twin themes of materiality and interrelationships, essays by scholars of literature, law, animal studies, anthropology, and ecology examine place, embodiment, and difference in Montgomery's works and embrace the multiplicities embedded in the concept of nature. Through innovative critical approaches, L.M. Montgomery and the Matter of Nature(s) opens up conversations about humans' interactions with nature and the material environment."-- 0aNature in literature. 0aHuman ecology in literature.1 aBode, Rita,1 aMitchell, Jean, cAEDBB c19316d19316 0010406813_000000000000000_YAT_2001_C165_OR70984646aLBCbLBCcC165d2020-09-22eA32985o813 YAT 2001 C165 Or.r2020-09-22w2020-09-22yEK